000
00284nam a22001337a 4500
008
180119b xxu||||| |||| 00| 0 eng d
020
_a
9781556231889
041
_a
eng
080
_a
941
100
_a
16
101
_a
HIS
245
_a
Total Quality
_c
Irwin, R.D
942
_2
udc
_c
BK
999
_c
40562
_d
40562